000 00448nam a2200193 a 4500
001 1758522273003
003 ACL
005 20250922115632.0
008 250922s2008##################000#0#eng##
020 _a9780805862669
082 0 4 _a796.01
_bLEU
100 1 _aLeUnes, Arnold D.,
_eauthor.
245 1 0 _aSport Psychology :
260 _c2008.
300 _a696 pages
650 0 _aPsychology.
942 _cENGLISH
040 _aACL
_beng
_cACL
999 _c588777
_d588777